A practical guide to tropical aquarium fish
| Main Author: | |
|---|---|
| Other Authors: | |
| Format: | Book |
| Published: |
London :
Tiger Books International ,
1992
|
MARC
| LEADER | 00000cam a2200000 7i4500 | ||
|---|---|---|---|
| 001 | 0000001051 | ||
| 002 | 000001163 | ||
| 005 | 20000330.0 | ||
| 020 | |a 1855012065 | ||
| 090 | 0 | 0 | |a 639.34 |b CRO |
| 100 | 1 | |a CROW, Richard | |
| 245 | 1 | 2 | |a A practical guide to tropical aquarium fish |c Richard Crow and Dave Keeley |
| 260 | |a London : |b Tiger Books International , |c 1992 | ||
| 300 | |a 124p : |b ill ; |c 25cm. | ||
| 700 | 1 | |a KEELEY, Dave | |
| 999 | |a 030254 |b BUKU |c PINJAMAN |e PERPUSTAKAAN KOMUNITI PETALING JAYA | ||